Normal view MARC view
  • Medicine, Unani

Entry Topical Term

Number of records used in: 1

001 - CONTROL NUMBER

  • control field: 130267

003 - CONTROL NUMBER IDENTIFIER

  • control field: NUST

005 - DATE AND TIME OF LATEST TRANSACTION

  • control field: 20250805144820.0

008 - FIXED-LENGTH DATA ELEMENTS

  • fixed length control field: 250805|| aca||aabn | a|a d

040 ## - CATALOGING SOURCE

  • Original cataloging agency: NUST
  • Transcribing agency: NUST

150 ## - HEADING--TOPICAL TERM

  • Topical term or geographic name entry element: Medicine, Unani
  • General subdivision: Popular works

670 ## - SOURCE DATA FOUND

  • Source citation: Work cat.: (NUST)614452: Umm al-Faẓl 130266, Tibb-i Yūnānī meṅ g̲h̲arēlū adwiyah aur ʻām maʻālajah kī kitāb / , [n.d.]
© 2023 Central Library, National University of Sciences and Technology. All Rights Reserved.